| 000 | 00829nam a2200265 a 4500 | ||
|---|---|---|---|
| 001 | 3276 | ||
| 003 | BD-RjUL | ||
| 005 | 20211208233714.0 | ||
| 008 | 131218r19651907enk 001 0 eng | ||
| 035 | _a(BD-RjUL)3310 | ||
| 040 |
_aDLC _cKWiU _dDLC _dBD-RjUL _beng |
||
| 041 | _aeng | ||
| 082 |
_223 _a336.240941 _bWIS 1965 |
||
| 100 | 1 |
_aWilson, H. A. R. J. _910343 |
|
| 245 | 1 | 0 |
_aSpicer & Pegler's Income tax and profits tax / _c H. A. R. J. Wilson. |
| 250 | _a26th ed. | ||
| 260 |
_aLondon : _bH.F.L., _c1907 [Reprint 1965]. |
||
| 300 |
_axlvii, 726 p. _c23 cm. |
||
| 504 | _aIncludes Index. | ||
| 650 | 0 |
_aIncome tax _xLaw and legislation _zGreat Britain. _99381 |
|
| 650 | 0 |
_aBusiness tax _zGreat Britain. _910344 |
|
| 700 | 1 |
_aCARMICHAEL,K.S. _910345 |
|
| 710 | 1 |
_aGreat Britain. _kLaws, statutes, etc. _97580 |
|
| 942 |
_2ddc _cBK |
||
| 999 |
_c3276 _d3276 |
||